000 00650nam a22002293a 4500
999 _c8924
_d8924
001 8924
003 BD - JhCC
005 20180308191400.0
008 860101s1950 xx 000 0 und d
035 _a(BD - JhCC)8924
040 _aEQO
_cEQO
_dBD-JhCC
041 _aeng
082 _bHIL 1950
_a428
100 1 _aHill, L. A.
_q(Leslie Alexander)
245 1 0 _aComprehension and précis pieces for overseas students /
_b
_c L. A. Hill
260 _aLond. &c,
_c1950
300 _a60 p. :
_c18 cm.
650 _aEnglish language
_xComposition and exercises
650 _aStudy and teaching
_vForeign speakers
942 _2ddc
_cBK